Manažment informačných systémov

Podrobná bibliografia
Hlavný autor: Romanová, Anita, 1973- (Autor)
Médium: Kniha
Jazyk:slovenčina
Fyzický popis:143 s. grafy, tab. 21 cm
Vydavateľské údaje: V Bratislave Ekonóm 2007
ISBN:9788022523219
Vydanie:1. vyd.
Predmet:

MARC

LEADER 00000nam a2200000 a 4500
001 vtls009142513
003 SK-MaSNL
005 20260301182906.0
008 240318s2007 xo dl f 000 0 slo
015 |a SNBA2007/10-04713 
020 |a 9788022523219  |q (brož.) 
035 |a AA930B89-0E08-4335-98DF-0D72F8052569 
035 |a urn:nbn:sk:snk-amla3r 
035 |a urn:nbn:sk:snk-am008qwz 
040 |a SNK  |b slo  |c SNK  |e AACR2 
041 0 |a slo 
044 |a xo  |c SK 
072 7 |a 007  |x Teória systémov. Automatické systémy. Kybernetika. Informačné systémy  |2 konspekt 
072 7 |a 005  |x Manažment. Riadenie  |2 konspekt 
080 |a 007+004  |2 2001 
080 |a 005:[007+004]  |2 2001 
080 |a (048.8)  |2 2001 
100 1 |a Romanová, Anita,  |d 1973-  |4 aut  |9 188546 
245 1 0 |a Manažment informačných systémov  |c Anita Romanová 
250 |a 1. vyd. 
260 |a V Bratislave  |b Ekonóm  |c 2007 
300 |a 143 s.  |b grafy, tab.  |c 21 cm 
366 |e 200 výtl. 
504 |a Bibliogr. s. 138-143 
650 0 7 |a informačné systémy  |2 SNKPH  |9 1128 
650 0 7 |a informačný manažment  |2 SNKPH  |9 4990 
655 7 |a monografie  |2 SNKPH  |9 70139 
919 |a 978-80-225-2321-9 
958 |a NB 
958 |a OND 
968 |d 0 
999 |c 855165  |d 857095 
952 |a SNK  |b SNK  |y PREZ  |7 0  |p 17A0562779  |o snkSC 129302  |i snk2007/20912  |8 0  |0 0  |1 0  |4 0  |d 2007-09-21  |f 1  |l 0  |r 2025-06-18 00:00:00  |w 2026-02-24 
952 |a SNK  |b SNK  |y VYP  |7 0  |p 17A0562770  |o snkSC 129302 D1  |i snk2007/20913  |8 0  |0 0  |1 0  |4 0  |d 2007-09-21  |l 0  |r 2026-02-24 04:54:19  |w 2026-02-24